000 00467nam a2200181Ia 4500
001 18960
005 20260306171708.0
008 260306s9999||||xx |||||||||||||| ||und||
041 _aESP
082 _a658.562
_bV937
100 _aVerdoy, Pablo Juan
_eAUT
245 0 _aManual de control estadístico de calidad:
_b: teoría y aplicaciones
260 _c2006
300 _a341 páginas :
_c23 cm.
650 _aGEN
654 _aCAN
942 _cLIB
_dJUS
_fJUS
_2ddc
_n
999 _c18960
_d18960